Countries in the FIFA World Cup 2022 - Statistics

General Stats
  • This quiz has been taken 50 times
  • The average score is 29 of 32
Answer Stats
Group Stage Country % Correct
F Morocco
100%
C Argentina
98%
D Australia
98%
D France
98%
B Iran
98%
C Poland
98%
E Spain
98%
G Brazil
95%
F Canada
95%
B England
95%
C Mexico
95%
B USA
95%
F Belgium
93%
D Denmark
93%
E Japan
93%
A Netherlands
93%
H Portugal
93%
H South Korea / Korea Republic / Republic of Korea
93%
H Uruguay
93%
E Germany
90%
A Qatar
90%
C Saudi Arabia
90%
G Serbia
90%
F Croatia
88%
A Senegal
88%
G Switzerland
88%
B Wales
85%
G Cameroon
83%
D Tunisia
80%
H Ghana
78%
E Costa Rica
75%
A Ecuador
73%
No matching quizzes found
Score Distribution
Percent of People with Each Score
Percentile by Number Answered
Your Score History
You have not taken this quiz